| 000 | 01302naa a22003257u 4500 | ||
|---|---|---|---|
| 001 | 06834 | ||
| 003 | HDC | ||
| 007 | cr bn ---aaaaa | ||
| 008 | 210125s2011 flu eng | ||
| 040 | _aHDC | ||
| 100 |
_aMontero, Daniel, _eauthor _97269 |
||
| 245 | 0 |
_aFish Oil Replacement and Alternative Lipid Sources in Aquaculture feeds : _bWelfare and Health of Fish Fed Vegetable Oils as Alternative Lipid Sources to Fish Oil / _cby Daniel Montero and Marisol Izquierdo ; edited by Giovanni M. Turchini, Wing-Keong Ng and Douglas R. Tocher |
|
| 260 |
_aBoca Raton : _bCRC Press, _c2011 |
||
| 300 | _a47 pages | ||
| 336 |
_atext _2rdacontent |
||
| 337 |
_acomputer _2rdamedia |
||
| 338 |
_aonline resource _2rdacarrier |
||
| 500 | _aOriginal from book | ||
| 650 |
_aFatty Acids _93971 |
||
| 650 |
_aFishes _xFeeding and feed _97253 |
||
| 650 |
_aFishes _xNutrition _97254 |
||
| 650 |
_aLipids in nutrition _97255 |
||
| 700 |
_aNg, Wing-Keong, _eeditor _97257 |
||
| 700 |
_aTocher, Douglas R., _eeditor _97258 |
||
| 700 |
_aTurchini, Giovanni M., _eeditor _97256 |
||
| 856 | _zRequest full-text at [email protected] | ||
| 942 | _2lcc | ||
| 942 | _cCHAP | ||
| 942 | _kEBCH 000339 | ||
| 999 |
_c4158 _d4158 |
||